Gestión del paisaje : (Record no. 71790)

MARC details
000 -LEADER
campo de control de longitud fija 02583cam a2200325 i 4500
001 - NÚMERO DE CONTROL
campo de control 112935
005 - FECHA Y HORA DE LA ÚLTIMA TRANSACCIÓN
campo de control 20230410124135.0
008 - DATOS DE LONGITUD FIJA--INFORMACIÓN GENERAL
campo de control de longitud fija 130905b2008 sp a 000 0 spa
020 ## - NÚMERO INTERNACIONAL ESTÁNDAR DEL LIBRO
Número Internacional Estándar del Libro 9788434428904
020 ## - NÚMERO INTERNACIONAL ESTÁNDAR DEL LIBRO
Número Internacional Estándar del Libro 8434428903
041 0# - CÓDIGO DE IDIOMA
Código de lengua del texto/banda sonora o título independiente spa
050 14 - SIGNATURA TOPOGRÁFICA DE LA BIBLIOTECA DEL CONGRESO
Número de clasificación NA 8300
Número de ítem G393 2008
082 00 - NÚMERO DE LA CLASIFICACIÓN DECIMAL DEWEY
Número de clasificación 712
245 00 - MENCIÓN DEL TÍTULO
Título Gestión del paisaje :
Resto del título manual de protección, gestión y ordenación del paisaje /
Mención de responsabilidad, etc. Jaume Busquets y Albert Cortina (coords.).
260 ## - PUBLICACIÓN, DISTRIBUCIÓN, ETC.
Lugar de publicación, distribución, etc. Barcelona :
Nombre del editor, distribuidor, etc. Ariel,
Fecha de publicación, distribución, etc. 2008.
300 ## - DESCRIPCIÓN FÍSICA
Extensión xxxvii, 703 p., [32] p. de lám. col. y n. :
Otras características físicas il. col. y n., mapas, planos ;
Dimensiones 24 cm.
440 #0 - MENCIÓN DE SERIE/PUNTO DE ACCESO ADICIONAL--TÍTULO
Título Ariel patrimonio.
504 ## - NOTA DE BIBLIOGRAFÍA, ETC.
Nota de bibliografía, etc. Incluye referencias bibliográficas
505 ## - NOTA DE CONTENIDO CON FORMATO
Nota de contenido con formato La gestión del paisaje como proceso -- Paisajes urbanos -- Paisajes metropolitanos -- Paisajes agrarios -- Paisajes temáticos -- Paisajes litorales -- Paisajes forestales -- El análisis semiótico del paisaje -- La ciencia del paisaje -- La evaluación ambiental del paisaje -- La dimensión patrimonial del paisaje -- La interpretación del paisaje urbano -- La dimensión social del paisaje -- La dimensión económica del paisaje -- El proyecto de paisaje -- El Convenio Europeo del Paisaje -- La regulación jurídica del paisaje -- La participación, mediación y concertación en paisaje -- El paisaje en la planificación territorial y urbanística -- Los catálogos de paisaje -- Las cartas del paisaje -- Los estudios de impacto e integración paisajística -- La formación de expertos en gestión del paisaje -- Plan territorial insular de Menorca -- Directrices de ordenación del paisaje de la comarca noroeste de la región de Murcia -- Plan director para la estructuración del espacio público de Manresa -- Plan especial de la zona volcánica de la Garrotxa -- Ordenanza de paisaje urbana de Barcelona -- Proyecto de gestión del paisaje vitivinícola del Alt Penedés -- Plan estratégico de desarrollo turístico de Boa Vista -- Programa educativo del paisaje de la reserva de la biosfera de Urdaibai -- Proyecto de parque patrimonial fluvial del Ter -- Proyecto de parque agrario del Baix Llobregat -- Proyectos de arquitectura del paisaje -- Glosario de la gestión del paisaje.
650 #4 - PUNTO DE ACCESO ADICIONAL DE MATERIA--TÉRMINO DE MATERIA
Término de materia o nombre geográfico como elemento de entrada Arquitectura del paisaje
650 #4 - PUNTO DE ACCESO ADICIONAL DE MATERIA--TÉRMINO DE MATERIA
Término de materia o nombre geográfico como elemento de entrada Paisaje
Subdivisión general Protección
650 #4 - PUNTO DE ACCESO ADICIONAL DE MATERIA--TÉRMINO DE MATERIA
Término de materia o nombre geográfico como elemento de entrada Paisaje
Subdivisión general Protección
Subdivisión geográfica España.
650 #0 - PUNTO DE ACCESO ADICIONAL DE MATERIA--TÉRMINO DE MATERIA
Término de materia o nombre geográfico como elemento de entrada Urban landscape architecture.
650 #0 - PUNTO DE ACCESO ADICIONAL DE MATERIA--TÉRMINO DE MATERIA
Término de materia o nombre geográfico como elemento de entrada Urban landscape architecture
Subdivisión geográfica Spain.
650 #0 - PUNTO DE ACCESO ADICIONAL DE MATERIA--TÉRMINO DE MATERIA
Término de materia o nombre geográfico como elemento de entrada Landscape architecture.
650 #0 - PUNTO DE ACCESO ADICIONAL DE MATERIA--TÉRMINO DE MATERIA
Término de materia o nombre geográfico como elemento de entrada Landscape design.
700 1# - ENTRADA AGREGADA--NOMBRE PERSONAL
Nombre de persona Busquets Fàbregas, Jaume
700 1# - ENTRADA AGREGADA--NOMBRE PERSONAL
Nombre de persona Cortina Ramos, Albert
942 ## - ELEMENTOS DE ENTRADA SECUNDARIOS (KOHA)
Fuente del sistema de clasificación o colocación Clasificación de Library of Congress
Tipo de ítem Koha
Holdings
Estatus retirado Estado de pérdida Fuente del sistema de clasificación o colocación Estado de daño No para préstamo Colección Biblioteca de origen Biblioteca actual Ubicación en estantería Fecha de adquisición Serial enumeration / chronology Signatura topográfica completa Código de barras Visto por última vez Copia número Tipo de ítem Koha
    Clasificación de Library of Congress     Humanidades Biblioteca Juan Bosch Biblioteca Juan Bosch Humanidades (4to. Piso) 10/04/2023 1 NA 8300 G393 2008 00000106152 25/10/2018 1